<?xml version="1.0" encoding="UTF-8"?>
<collection xmlns="http://www.loc.gov/MARC21/slim">
 <record>
  <leader>     na                 </leader>
  <controlfield tag="001">INLIS000000001504842</controlfield>
  <controlfield tag="005">20260630105821</controlfield>
  <datafield tag="035" ind1=" " ind2=" ">
   <subfield code="a">0010-0626000037</subfield>
  </datafield>
  <controlfield tag="007">ta</controlfield>
  <controlfield tag="008">260630                g          0 ind  </controlfield>
  <datafield tag="020" ind1=" " ind2=" ">
   <subfield code="a">978-602-5410-32-1</subfield>
  </datafield>
  <datafield tag="082" ind1=" " ind2=" ">
   <subfield code="a">297.272</subfield>
  </datafield>
  <datafield tag="084" ind1=" " ind2=" ">
   <subfield code="a">297.272 AHM p</subfield>
  </datafield>
  <datafield tag="100" ind1="0" ind2=" ">
   <subfield code="a">Ahmad Wahid</subfield>
   <subfield code="e">Pengarang</subfield>
  </datafield>
  <datafield tag="245" ind1="1" ind2=" ">
   <subfield code="a">Pijar Matahari Muda dan Percik Tinta Merah :</subfield>
   <subfield code="b">Suara kritis kaum muda Muhammadiyah /</subfield>
   <subfield code="c">Ahmad Wahid, Abdullah S. Toda, Ari Susanto, Arif Rahmawan, Arif Rijali, Baikuni Al-Shafa, Calits Mumbahij</subfield>
  </datafield>
  <datafield tag="250" ind1=" " ind2=" ">
   <subfield code="a">Cetakan pertama, Juli 2018</subfield>
  </datafield>
  <datafield tag="300" ind1=" " ind2=" ">
   <subfield code="a">xviii, 124 halaman. ;</subfield>
   <subfield code="c">19 cm.</subfield>
  </datafield>
  <datafield tag="650" ind1=" " ind2="4">
   <subfield code="a">Muhammadiyah -- Organisasi Pemuda</subfield>
  </datafield>
  <datafield tag="650" ind1=" " ind2="4">
   <subfield code="a">Islam Dan Masalah Sosial</subfield>
  </datafield>
  <datafield tag="700" ind1="0" ind2=" ">
   <subfield code="a">Abdullah S. Toda</subfield>
   <subfield code="e">Pengarang</subfield>
  </datafield>
  <datafield tag="700" ind1="0" ind2=" ">
   <subfield code="a">Ari Susanto</subfield>
   <subfield code="e">Pengarang</subfield>
  </datafield>
  <datafield tag="700" ind1="0" ind2=" ">
   <subfield code="a">Arif Rahmawan</subfield>
   <subfield code="e">Pengarang</subfield>
  </datafield>
  <datafield tag="700" ind1="0" ind2=" ">
   <subfield code="a">Arif Rijali</subfield>
   <subfield code="e">Pengarang</subfield>
  </datafield>
  <datafield tag="700" ind1="0" ind2=" ">
   <subfield code="a">Baikuni Al-Shafa</subfield>
   <subfield code="e">Pengarang</subfield>
  </datafield>
  <datafield tag="700" ind1="0" ind2=" ">
   <subfield code="a">Calits Mumbahij</subfield>
   <subfield code="e">Pengarang</subfield>
  </datafield>
  <datafield tag="336" ind1=" " ind2=" ">
   <subfield code="2">rdacontent</subfield>
   <subfield code="a">teks</subfield>
  </datafield>
  <datafield tag="337" ind1=" " ind2=" ">
   <subfield code="2">rdamedia</subfield>
   <subfield code="a">tanpa perantara</subfield>
  </datafield>
  <datafield tag="338" ind1=" " ind2=" ">
   <subfield code="2">rdacarrier</subfield>
   <subfield code="a">volume</subfield>
  </datafield>
  <datafield tag="264" ind1=" " ind2=" ">
   <subfield code="a">Malang :</subfield>
   <subfield code="b">Sumbu,</subfield>
   <subfield code="c">2018</subfield>
  </datafield>
  <datafield tag="520" ind1=" " ind2=" ">
   <subfield code="a">merupakan sebuah antologi esai dan opini kritis yang lahir dari kegelisahan intelektual para kader serta aktivis muda Muhammadiyah&#13;
Garis Besar Isi Buku (Anotasi / Sinopsis)Dakwah Literasi Kaum Milenial: Buku ini menyoroti pergeseran strategi dakwah keagamaan di era digital. Penulis menekankan pentingnya organisasi otonom (ortom) Muhammadiyah yang berbasis kaum terpelajar untuk bertransformasi menjadi agent of change melalui gerakan dakwah literasi agar tetap relevan dengan generasi milenial dan gen-Z.&#13;
Respons terhadap Tantangan Zaman: Di dalamnya dikupas bagaimana karakteristik generasi muda saat ini yang sangat bergantung pada media sosial, ponsel, dan informasi interaktif, namun memiliki kecenderungan kurang suka membaca bacaan konvensional. Tulisan-tulisan di buku ini mencoba menjembatani jurang tersebut dengan menyajikan pemikiran Islam yang dikemas secara taktis dan segar.</subfield>
  </datafield>
  <datafield tag="990" ind1=" " ind2=" ">
   <subfield code="a">2024/HD/0490</subfield>
  </datafield>
 </record>
</collection>
